|
|
|
|
| LEADER |
01218nam a22003137a 4500 |
| 001 |
38840 |
| 003 |
BD-DhAAL |
| 008 |
220605r19701961enkac b 000 0 eng d |
| 999 |
|
|
|c 44308
|d 44308
|
| 020 |
|
|
|a 0226059782
|
| 040 |
|
|
|a BD-DhAAL
|c BD-DhAAL
|
| 041 |
1 |
|
|a eng
|h fre
|
| 082 |
|
|
|a 914
|
| 100 |
1 |
|
|a Bloch, Marc,
|d 1886-1944.
|9 48932
|
| 240 |
1 |
0 |
|a Société féodale.
|l English
|
| 245 |
1 |
0 |
|a Feudal society.
|n Vol.1,
|b the growth of ties of dependence. /
|c Translated by L.A. Manyon.
|
| 260 |
|
|
|a Chicago :
|b University of Chicago Press,
|c c1961 [eighth impression 1970].
|
| 300 |
|
|
|a xx, 279 pages :
|b illustrations, portraits ;
|c 21 cm.
|
| 362 |
|
|
|a Vol. 2
|
| 490 |
0 |
|
|a Phoenix books,
|v P156-P157
|
| 500 |
|
|
|a Translation of La société féodale.
|
| 504 |
|
|
|a Includes bibliographical references.
|
| 541 |
|
|
|a Donated By Akbar Ali Khan
|e 38840
|
| 650 |
|
0 |
|a Feudalism.
|9 48933
|
| 651 |
|
0 |
|a Europe
|x History
|y 476-1492.
|9 48934
|
| 830 |
|
|
|a Phoenix books
|9 48935
|
| 852 |
|
|
|a Ayesha Abed Library
|c Akbar Ali Khan Collection
|
| 942 |
|
|
|2 ddc
|c BK
|
| 952 |
|
|
|0 0
|1 0
|2 ddc
|4 0
|6 914_000000000000000_BLO
|7 1
|9 70799
|a BRACUL
|b BRACUL
|c CS1
|d 2022-06-05
|e Donated by Akbar Ali Khan
|l 0
|o 914 BLO
|p 3010038840
|r 2022-06-05
|t 1
|w 2022-06-05
|y BK
|